000 00774nam a22002657a 4500
005 20220103165025.0
008 220103b ||||| |||| 00| 0 eng d
020 _a8190176218
040 _cAL
041 _aeng
082 _223
_a610.8
_bHEGA
100 _aB M Hegde
_912354
245 _aAncient Wisdom, Science and Health: A Search and Research
260 _aDelhi:
_bOrange Dot,
_c2003.
300 _axxxiii,379 p.
_bPB
_c21x13 cm.
365 _b490.00
_c
_d490.00
650 _aMedical Science
_912223
650 _aAspirin and Health
_912224
650 _aAutonomic Nervous System and the Health
_912225
650 _aCholesterol
_912226
650 _aAlcohol
_912227
700 _aHEGDE (B M)
_912228
710 _aJAIN (D G) Ed
_912353
942 _2ddc
_cGF
999 _c221037
_d221037